000 01081cab a22002415a 4500
001 L146721
008 090219s2009 xxka f g 000 0 eng d
035 _a(Sirsi) u146721
041 0 _aeng
100 1 _aIves, Paul
245 0 2 _aA question of title
_bpart II
260 _c2009
490 _aThe Letting Update Journal
_v(16)4 January 2009, 29(1)
520 _aThe second part of this article for students looks at how the demise of a landlord can affect the tenancy. The author states that tenancies will typically continue on as before, with the executor/s serving as the new landlord/s. Also discusses what will happen when the executor/s decide to sell the property, agency and statutory and practical considerations.
520 _aAlso see Part I of the article (L144445).
650 2 4 _aYOUNGMAN V HEATH
650 2 4 _aHOUSING ACT 1985
650 2 4 _aHOUSING ACT 2004
650 2 4 _aLANDLORD AND TENANT ACT 1987
651 4 _aEngland and Wales
_y1543-
690 _aPROPERTY-RESIDENTIAL PROPERTY-RESIDENTIAL LANDLORD AND TENANT-RESIDENTIAL TENANCIES
942 _n0
999 _c81266
_d81266